Score 0/17 Timer 08:00
5 Plays Today
% Correct
Friends
98.5%
Star Trek
94.1%
Family Guy
93.6%
Game of Thrones
91.9%
Glee
91.2%
30 Rock
85.7%
Powerpuff Girls
79.7%
Little House on the Prairie
68.7%
Sherlock
67.4%
% Correct
Parks and Recreation
64%
Archer
62.2%
Doctor Who
61.8%
Mad Men
57.4%
Psych
55.4%
Jersey Shore
55.2%
iCarly
49.2%
Chappelle's Show
44.1%
Remove Ads.
Support Sporcle.
Get the best of Sporcle when you Go Orange. This ad-free experience offers more features, more stats, and more fun while also helping to support Sporcle. Thank you for becoming a member.

You're not logged in!

Compare scores with friends on all Sporcle quizzes.
OR
Log In

Show Comments

Extras

Top Quizzes Today


Score Distribution

Your Account Isn't Verified!

In order to create a playlist on Sporcle, you need to verify the email address you used during registration. Go to your Sporcle Settings to finish the process.

Report this User

Report this user for behavior that violates our Community Guidelines.

Details: